ბათუმის შოთა რუსთაველის სახელმწიფო უნივერსიტეტის ბიბლიოთეკა

Таманский толос и резиденция хрисалиска / (ბიბ.ჩანაწერი № 60821)

000 -LEADER
fixed length control field 00649nam a22001457a 4500
005 - DATE AND TIME OF LATEST TRANSACTION
control field 20231025131558.0
008 - FIXED-LENGTH DATA ELEMENTS--GENERAL INFORMATION
fixed length control field 231025s1976 ru ||||| |||| 00| 0 rus d
080 ## - UNIVERSAL DECIMAL CLASSIFICATION NUMBER
Universal Decimal Classification number 904(395)+72.032 C-95
100 ## - MAIN ENTRY--PERSONAL NAME
Personal name Сокольский, Н. И.
9 (RLIN) 20242
245 ## - TITLE STATEMENT
Title Таманский толос и резиденция хрисалиска /
Statement of responsibility, etc. Н. И. Сокольский; Ответств. ред. Г.А. Цветаева; Академия наук СССР, Институт археологии.
264 ## - PRODUCTION, PUBLICATION, DISTRIBUTION, MANUFACTURE, AND COPYRIGHT NOTICE
Place of production, publication, distribution, manufacture Москва :
Name of producer, publisher, distributor, manufacturer Наука,
Date of production, publication, distribution, manufacture, or copyright notice 1976.
300 ## - PHYSICAL DESCRIPTION
Extent 128 с. :
Other physical details ил.;
Dimensions 21 cм.
653 ## - INDEX TERM--UNCONTROLLED
keyword ისტორია
942 ## - ADDED ENTRY ELEMENTS (KOHA)
Source of classification or shelving scheme
Koha item type წიგნი
ეგზემპლარები
Withdrawn status Lost status Source of classification or shelving scheme Damaged status Not for loan Permanent Location Current Location Shelving location Date acquired Cost, normal purchase price Full call number Barcode Date last seen Copy number Uniform Resource Identifier Price effective from Koha item type Public note
          ბათუმის შოთა რუსთაველის სახელმწიფო უნივერსიტეტის მთავარი ბიბლიოთეკა ბათუმის შოთა რუსთაველის სახელმწიფო უნივერსიტეტის მთავარი ბიბლიოთეკა წიგნსაცავი 2023-10-25 6.00 904(395)+72.032 C-95 65400 2023-10-25 65400 ბსუ-ს საპატიო დოქტორის გურამ ლორთქიფანიძის საჩუქარი 2023-10-25 წიგნი 6 ლ.